000 01255nam a2200229Ia 4500
001 L200-53310
003 IT-CnALBA
008 170116s9999||||xx |||||||||||||| ||und||
040 _aIT-CnALBA
_cIT-CnALBA
041 _aITALIANO
100 _aTETTAMANZI DIONIGI, MONS.
245 0 _aIL TEMPO DELLA CONVERSIONE DEL CUORE. MEDITAZIONE SULLA QUARESIMA.
250 _a1a ed.
260 _aCASALE MONFERRATO (AL)
_bPIEMME EDIZIONI
_c2000 [1° Ed.:1999 - Ed.Ling.Originale: 1999]
300 _a140 p.
500 _aRISCOPERTA QUARESIMA. ASCOLTO PREGHIERA. INCONTRO PAROLA. RICONCILIZIONE. VITA SOBRIA E AUSTERA. CAROTA' CONVENZIONALE. VANGELO. VITA DELLA PAROLA. GIOIA E MESSAGGIO PER LA QUARESIMA. CHIESA DI GENOVA. SGUARDO SU CRISTO. INCROCIO DI DUE SGUARDI. L'OGGI DE
501 _aSocietà San Paolo EM - Piazza San Paolo, 14 - 12051 ALBA (CN) (non commercial uses only) ® Copyright 2017
520 _aRISCOPERTA QUARESIMA. ASCOLTO PREGHIERA. INCONTRO PAROLA. RICONCILIZIONE. VITA SOBRIA E AUSTERA. CAROTA' CONVENZIONALE. VANGELO. VITA DELLA PAROLA. GIOIA E MESSAGGIO PER LA QUARESIMA. CHIESA DI GENOVA. SGUARDO SU CRISTO. INCROCIO DI DUE SGUARDI. L'OGGI DE
650 _aRELIGIONE - RELIGIONE CRISTIANA
942 _cBK
957 _71
999 _a70800
_bNO
_g Copie: 1
_c312191
_d312191